000 00464cam a22001337a 4500
008 180718b2011 xxu||||| |||| 00| 0 eng d
082 _aA81x54 011/26/Pap 1 /2011
100 _aCensus of India 2011
245 _aDaman and Diu: provisional population totals
260 _aAhmedabad
_bDirectorate of Census Operations, Gujarat
_c2011
300 _a67p.
440 _aCensus of India 2011. Series-26, Daman and Diu. Paper 1 of 2011
650 _aDaman and Diu - Census
999 _c490039
_d490039